00468 2200169 4500001002100000008004100021035002000062245005400082100001900136260003300155300002200188020002200210084001900232082001300251650002000264990001400284INLIS000000000000257 ind  a0010-0625000049 aOrang-Orang BiasabOrdinary PeoplecAndrea Hirata aHirata, Andrea aYogyakarta :bBentang,c2019 a300hlm.c20,5 cm. a978-602-291-524-9 a899.2213 HIR o a899.2213 aFiksi Indonesia a000000280